[Event "Esbjerg Autumn 2nd"]
[Site "Esbjerg"]
[Date "2019.10.19"]
[Round "5"]
[White "Rasmussen, Bjarne Meldgaard"]
[Black "Lindestrom, Torsten"]
[Result "0-1"]
[WhiteElo "1913"]
[BlackElo "2168"]
[PlyCount "84"]
[EventDate "2019.10.18"]
[EventType "swiss"]
[EventRounds "7"]
[EventCountry "DEN"]
[SourceTitle "CBM 192 Extra"]
[Source "Chessbase"]
[SourceDate "2019.11.06"]
[SourceVersion "1"]
[SourceVersionDate "2019.11.06"]
[SourceQuality "1"]

1. d4 f5 2. c4 Nf6 3. Nc3 g6 4. Nf3 Bg7 5. b3 d6 6. Bb2 0-0 7. g3 Qe8 8. Bg2 h6 9. 0-0 Qf7 10. Rc1 c6 11. e3 Na6 12. a3 Bd7 13. Qd3 Rae8 14. b4 e5 15. dxe5 dxe5 16. Qe2 e4 17. Nd4 Ng4 18. Na4 Ne5 19. b5 c5 20. Nb3 b6 21. Bxe5 Bxe5 22. Rfd1 Nc7 23. Nc3 Be6 24. Bf1 Rd8 25. a4 Rxd1 26. Nxd1 Rd8 27. Qc2 h5 28. h4 Qf6 29. Nc3 g5 30. hxg5 Qxg5 31. Ne2 h4 32. Kg2 Rd7 33. Nf4 Rg7 34. Nh3 Qg6 35. Qe2 hxg3 36. f4 exf3+ 37. Qxf3 Qh6 38. Kg1 f4 39. Rd1 g2 40. Rd8+ Kf7 41. Ng5+ Rxg5 42. Bxg2 Qh3 0-1

[Event "Esbjerg Autumn 2nd"]
[Site "Esbjerg"]
[Date "2019.10.18"]
[Round "3"]
[White "Ehrenreich, Simon"]
[Black "Lindestrom, Torsten"]
[Result "0-1"]
[WhiteElo "1937"]
[BlackElo "2168"]
[PlyCount "70"]
[EventDate "2019.10.18"]
[EventType "swiss"]
[EventRounds "7"]
[EventCountry "DEN"]
[SourceTitle "CBM 192 Extra"]
[Source "Chessbase"]
[SourceDate "2019.11.06"]
[SourceVersion "1"]
[SourceVersionDate "2019.11.06"]
[SourceQuality "1"]

1. d4 f5 2. c4 Nf6 3. Nf3 g6 4. Nc3 Bg7 5. g3 0-0 6. Bg2 d6 7. 0-0 Qe8 8. d5 Na6 9. Qc2 Bd7 10. Nd4 c6 11. e4 Nxd5 12. cxd5 Bxd4 13. dxc6 Bxc6 14. exf5 Bxg2 15. Kxg2 Qc6+ 16. Kg1 Rxf5 17. Qb3+ Kh8 18. Ne2 Bf6 19. Be3 Qb5 20. Nd4 Qxb3 21. axb3 Rc5 22. Rac1 Rac8 23. Rxc5 Rxc5 24. Ne6 Rc2 25. Bxa7 Nc5 26. Bxc5 dxc5 27. Rd1 Kg8 28. Rd7 Rxb2 29. Nxc5 b6 30. Ne4 Rxb3 31. Nxf6+ exf6 32. Kf1 Rb2 33. h4 h5 34. Kg2 b5 35. Rb7 b4 0-1

[Event "DEN-ch Seniors 50+"]
[Site "Odder"]
[Date "2019.02.15"]
[Round "5"]
[White "Lindestrom, Torsten"]
[Black "Rosenberg, Jan"]
[Result "1-0"]
[WhiteElo "2198"]
[BlackElo "1857"]
[PlyCount "105"]
[EventDate "2019.02.11"]
[EventType "swiss"]
[EventRounds "7"]
[EventCountry "DEN"]
[SourceTitle "CBM 189 Extra"]
[Source "ChessBase"]
[SourceDate "2019.06.03"]
[SourceVersion "1"]
[SourceVersionDate "2019.06.03"]
[SourceQuality "1"]

1. d4 c5 2. d5 d6 3. c4 b5 4. f3 g6 5. e4 bxc4 6. Bxc4 Bg7 7. Ne2 Nf6 8. Nec3 0-0 9. 0-0 Nbd7 10. Na3 Rb8 11. Qe2 Qa5 12. Bb5 a6 13. Bd3 Ne5 14. Bc2 Qc7 15. f4 Ned7 16. Bd3 Qa7 17. Be3 Ne8 18. Nc4 a5 19. Na3 Nc7 20. Nab5 Nxb5 21. Bxb5 Qb6 22. a4 Bd4 23. Nd1 Nf6 24. h3 e6 25. dxe6 fxe6 26. Ra3 Nh5 27. Kh2 Qd8 28. g4 Ng7 29. Bxd4 cxd4 30. Qc4 Bb7 31. Qxd4 e5 32. fxe5 Rxf1 33. Bxf1 dxe5 34. Qxd8+ Rxd8 35. Rd3 Rf8 36. Bg2 Ne6 37. Rb3 Ba8 38. Rb5 Rd8 39. Rxe5 Nf4 40. Nc3 Kf7 41. Rxa5 Rd2 42. Kg3 Nxg2 43. Rxa8 g5 44. Ra7+ Kg6 45. Ra6+ Kg7 46. Nd5 Nh4 47. Ne3 Kf7 48. Rb6 Re2 49. Rb3 Ng6 50. a5 Ne5 51. a6 Nc6 52. a7 Nxa7 53. Kf3 1-0

[Event "DEN-ch Seniors 50+"]
[Site "Hvidovre"]
[Date "2018.02.17"]
[Round "6"]
[White "Morkore, Thomas"]
[Black "Lindestrom, Torsten"]
[Result "1/2-1/2"]
[WhiteElo "1910"]
[BlackElo "2194"]
[PlyCount "108"]
[EventDate "2018.02.12"]
[EventType "swiss"]
[EventRounds "7"]
[EventCountry "DEN"]
[SourceTitle "CBM 183 Extra"]
[Source "ChessBase"]
[SourceDate "2018.04.19"]
[SourceVersion "1"]
[SourceVersionDate "2018.04.19"]
[SourceQuality "1"]

1. Nf3 d5 2. d4 c6 3. c4 e6 4. Bg5 Be7 5. Bxe7 Qxe7 6. e3 Nf6 7. Nbd2 0-0 8. Bd3 Nbd7 9. 0-0 e5 10. dxe5 Nxe5 11. Nxe5 Qxe5 12. cxd5 Rd8 13. Nc4 Qxd5 14. Be2 Be6 15. Qxd5 Rxd5 16. Rfd1 Rad8 17. Na5 R8d7 18. Rxd5 Bxd5 19. f3 b6 20. Nb3 c5 21. Kf2 Kf8 22. Ke1 Ke7 23. Nd2 Ne8 24. a4 Nd6 25. e4 Bc6 26. Nf1 f5 27. e5 Nf7 28. f4 Bxg2 29. Ne3 Be4 30. Bc4 Nd8 31. a5 Ne6 32. axb6 axb6 33. Ra6 Nxf4 34. Rxb6 Nd3+ 35. Kf1 f4 36. Nd1 Bf5 37. e6 Ra7 38. Nc3 Nb4 39. Kf2 g5 40. Nb5 Ra8 41. Rb7+ Kf6 42. Rf7+ Ke5 43. e7 Bg6 44. Rf8 Re8 45. Rxe8 Bxe8 46. Nc7 Bg6 47. e8Q+ Bxe8 48. Nxe8 g4 49. b3 Nc6 50. Nc7 Na5 51. Bg8 h5 52. Na6 Kd4 53. b4 cxb4 54. Nxb4 h4 1/2-1/2

[Event "DEN-ch Seniors 50+"]
[Site "Hvidovre"]
[Date "2018.02.16"]
[Round "5"]
[White "Lindestrom, Torsten"]
[Black "Lilja, Richard"]
[Result "1-0"]
[WhiteElo "2194"]
[BlackElo "2086"]
[PlyCount "87"]
[EventDate "2018.02.12"]
[EventType "swiss"]
[EventRounds "7"]
[EventCountry "DEN"]
[SourceTitle "CBM 183 Extra"]
[Source "ChessBase"]
[SourceDate "2018.04.19"]
[SourceVersion "1"]
[SourceVersionDate "2018.04.19"]
[SourceQuality "1"]

1. d4 g6 2. c4 Nf6 3. f3 c5 4. d5 d6 5. Nc3 Na6 6. e4 Bg7 7. Be3 Bd7 8. Qd2 Rb8 9. Bd3 Nc7 10. e5 dxe5 11. Bxc5 b6 12. Be3 0-0 13. Nge2 a6 14. 0-0 b5 15. b3 Nfe8 16. Rad1 f5 17. Bh6 Nf6 18. Bxg7 Kxg7 19. Qe3 b4 20. Nb1 e6 21. d6 Nce8 22. Qxe5 Qb6+ 23. c5 Qa5 24. Nd4 Rc8 25. Rc1 Kf7 26. Rfe1 Ng7 27. c6 Qxa2 28. cxd7 Nxd7 29. Qe2 Qa1 30. Nxe6 Rxc1 31. Ng5+ Kg8 32. Rxc1 Ne5 33. Bc4+ Kh8 34. Rd1 Re8 35. d7 Nxd7 36. Nf7+ Kg8 37. Nd6+ Kf8 38. Nxe8 Nxe8 39. Qe6 Ne5 40. Re1 Nxc4 41. Qxe8+ Kg7 42. Qe7+ Kh6 43. Qh4+ Kg7 44. Qxc4 1-0

[Event "DEN-chT 1415 53rd"]
[Site "Denmark"]
[Date "2015.03.07"]
[Round "8.5"]
[White "Lindestrom, Torsten"]
[Black "Hoiberg, Nina"]
[Result "1/2-1/2"]
[WhiteElo "2224"]
[BlackElo "2209"]
[PlyCount "39"]
[EventDate "2014.10.25"]
[EventType "team-tourn"]
[EventRounds "9"]
[EventCountry "DEN"]
[SourceTitle "EXT 2016"]
[Source "ChessBase"]
[SourceDate "2015.10.08"]
[SourceVersion "1"]
[SourceVersionDate "2015.10.08"]
[SourceQuality "1"]
[WhiteTeam "Esbjerg"]
[BlackTeam "Nordre"]
[WhiteTeamCountry "DEN"]
[BlackTeamCountry "DEN"]

1. d4 d6 2. e4 Nf6 3. Nc3 e5 4. dxe5 dxe5 5. Qxd8+ Kxd8 6. Bc4 Be6 7. Bxe6 fxe6 8. Be3 Nbd7 9. f3 c6 10. 0-0-0 Kc7 11. Nge2 Be7 12. h3 Rhd8 13. f4 exf4 14. Nxf4 Nf8 15. g4 Bb4 16. Nfe2 e5 17. a3 Rxd1+ 18. Rxd1 Bd6 19. Rf1 Ne6 20. Ng3 1/2-1/2

[Event "DEN-chT 1415 53rd"]
[Site "Denmark"]
[Date "2014.10.26"]
[Round "2.5"]
[White "Lindfeldt, Jan Magnus"]
[Black "Lindestrom, Torsten"]
[Result "1/2-1/2"]
[WhiteElo "2261"]
[BlackElo "2224"]
[PlyCount "82"]
[EventDate "2014.10.25"]
[EventType "team-tourn"]
[EventRounds "9"]
[EventCountry "DEN"]
[SourceTitle "EXT 2016"]
[Source "ChessBase"]
[SourceDate "2015.10.08"]
[SourceVersion "1"]
[SourceVersionDate "2015.10.08"]
[SourceQuality "1"]
[WhiteTeam "Copenhagen 68"]
[BlackTeam "Esbjerg"]
[WhiteTeamCountry "DEN"]
[BlackTeamCountry "DEN"]

1. e4 d5 2. exd5 Qxd5 3. Nc3 Qd6 4. d4 Nf6 5. Be3 c6 6. Qd2 Bg4 7. f3 Bf5 8. Nge2 Nbd7 9. 0-0-0 Nb6 10. Ng3 Bg6 11. Nge4 Qb4 12. a3 Qa5 13. Nc5 0-0-0 14. Nb3 Qf5 15. Bd3 Qd7 16. Nc5 Qe8 17. Rhe1 e6 18. N3e4 Nxe4 19. fxe4 Bxc5 20. dxc5 Nc4 21. Qb4 Nxe3 22. Rxe3 Qe7 23. Rde1 e5 24. Kb1 Rd4 25. Qa5 Kb8 26. c3 Rd7 27. Bc2 Rhd8 28. g4 Rd2 29. R1e2 Qh4 30. Rxd2 Rxd2 31. Rd3 Rxd3 32. Bxd3 a6 33. h3 Kc8 34. Ka2 Qxh3 35. Bxa6 Bxe4 36. Bc4 Qxg4 37. Qa8+ Kc7 38. Qa5+ Kc8 39. Qa8+ Kc7 40. Qa5+ Kd7 41. Qa8 Kc7 1/2-1/2

[Event "DEN-ch qual1"]
[Site "Helsingor"]
[Date "2012.04.07"]
[Round "5"]
[White "Sorensen, Per Settergren"]
[Black "Lindestrom, Torsten"]
[Result "1/2-1/2"]
[WhiteElo "2008"]
[BlackElo "2131"]
[PlyCount "100"]
[EventDate "2012.04.05"]
[EventType "swiss"]
[EventRounds "5"]
[EventCountry "DEN"]
[SourceTitle "EXT 2018"]
[Source "ChessBase"]
[SourceDate "2017.10.13"]
[SourceVersion "1"]
[SourceVersionDate "2017.10.13"]
[SourceQuality "1"]

1. e4 d5 2. exd5 Qxd5 3. Nc3 Qd6 4. d4 Nf6 5. Nf3 c6 6. Ne5 Nbd7 7. Bf4 Nd5 8. Nxd5 Qxd5 9. Qd3 Nxe5 10. dxe5 Be6 11. Qxd5 Bxd5 12. f3 g6 13. c4 Be6 14. 0-0-0 Bg7 15. Be2 Rd8 16. g4 h5 17. h3 hxg4 18. Rxd8+ Kxd8 19. Rd1+ Ke8 20. hxg4 g5 21. Bg3 Rh3 22. Rg1 c5 23. b3 Bd7 24. Bf1 Rh6 25. Bd3 Bc6 26. f4 gxf4 27. Bxf4 Rh3 28. Kc2 Rh4 29. Bf5 Rh3 30. Rf1 b6 31. g5 Rh4 32. g6 fxg6 33. Bxg6+ Kd8 34. Rd1+ Kc8 35. Bg3 Be4+ 36. Kc1 Rg4 37. Bxe4 Rxe4 38. Rd5 e6 39. Rd3 Bxe5 40. Bxe5 Rxe5 41. Rd2 Kc7 42. Kc2 Re3 43. Rh2 Kc6 44. a4 Kb7 45. Rh7+ Ka6 46. Re7 e5 47. a5 e4 48. axb6 axb6 49. Re8 b5 50. Rb8 bxc4 1/2-1/2

[Event "North Sea Cup 22nd"]
[Site "Esbjerg"]
[Date "2007.07.16"]
[Round "6"]
[White "Nielsen, John Bauneborg"]
[Black "Lindestrom, Torsten"]
[Result "1/2-1/2"]
[WhiteElo "2232"]
[BlackElo "2229"]
[PlyCount "38"]
[EventDate "2007.07.13"]
[EventType "swiss"]
[EventRounds "10"]
[EventCountry "DEN"]
[SourceTitle "CBM 119 Extra"]
[Source "ChessBase"]
[SourceDate "2007.09.04"]
[SourceVersion "1"]
[SourceVersionDate "2007.09.04"]
[SourceQuality "1"]

1. d4 f5 2. g3 Nf6 3. Bg2 g6 4. c3 Bg7 5. Qb3 Nc6 6. Nh3 e6 7. Bg5 h6 8. Bxf6 Qxf6 9. Nd2 g5 10. e4 b6 11. 0-0-0 Bb7 12. f4 0-0-0 13. e5 Qg6 14. Rhg1 Qh5 15. Nf1 Nxd4 16. cxd4 Bxg2 17. Rxg2 Qxh3 18. Ne3 Bf8 19. Rc2 d5 1/2-1/2

[Event "North Sea Cup 22nd"]
[Site "Esbjerg"]
[Date "2007.07.14"]
[Round "2"]
[White "Grove, Peter"]
[Black "Lindestrom, Torsten"]
[Result "0-1"]
[WhiteElo "2010"]
[BlackElo "2229"]
[PlyCount "38"]
[EventDate "2007.07.13"]
[EventType "swiss"]
[EventRounds "10"]
[EventCountry "DEN"]
[SourceTitle "CBM 119 Extra"]
[Source "ChessBase"]
[SourceDate "2007.09.04"]
[SourceVersion "1"]
[SourceVersionDate "2007.09.04"]
[SourceQuality "1"]

1. e4 d5 2. exd5 Qxd5 3. Nc3 Qa5 4. Bc4 Nf6 5. d4 c6 6. Bd2 Bf5 7. Qf3 e6 8. d5 Bg4 9. Qf4 cxd5 10. Nb5 Bb4 11. c3 dxc4 12. Nc7+ Kd7 13. Nxa8 Bd6 14. Qxc4 Nc6 15. f3 Bf5 16. Qb3 Qa6 17. Ne2 Rxa8 18. 0-0-0 Na5 19. Qa4+ b5 0-1

[Event "DEN-ch cand"]
[Site "Aalborg"]
[Date "2007.04.08"]
[Round "7"]
[White "Teplyi, Igor"]
[Black "Lindestrom, Torsten"]
[Result "1/2-1/2"]
[WhiteElo "2132"]
[BlackElo "2196"]
[PlyCount "30"]
[EventDate "2007.04.03"]
[EventType "swiss"]
[EventRounds "7"]
[EventCountry "DEN"]
[SourceTitle "EXT 2023"]
[Source "ChessBase"]
[SourceDate "2022.10.05"]
[SourceVersion "1"]
[SourceVersionDate "2022.10.05"]
[SourceQuality "1"]

1. d4 f5 2. Bg5 g6 3. Nd2 Bg7 4. e4 fxe4 5. Nxe4 Nf6 6. Nxf6+ exf6 7. Be3 d5 8. h4 Nc6 9. Qd2 Be6 10. Ne2 Qd7 11. Nf4 0-0-0 12. Bb5 Qd6 13. Nxe6 Qxe6 14. 0-0-0 Ne7 15. Be2 Kb8 1/2-1/2

[Event "North Sea Cup 20th"]
[Site "Esbjerg"]
[Date "2005.07.04"]
[Round "4"]
[White "Goloshchapov, Alexander"]
[Black "Lindestrom, Torsten"]
[Result "1-0"]
[WhiteElo "2519"]
[BlackElo "2246"]
[PlyCount "113"]
[EventDate "2005.07.02"]
[EventType "swiss"]
[EventRounds "9"]
[EventCountry "DEN"]
[SourceTitle "CBM 107 Extra"]
[Source "ChessBase"]
[SourceDate "2005.09.01"]
[SourceVersion "1"]
[SourceVersionDate "2005.09.01"]
[SourceQuality "1"]

1. e4 d5 2. exd5 Qxd5 3. Nc3 Qa5 4. d4 Nf6 5. Bd2 c6 6. Bc4 Bf5 7. Qe2 e6 8. 0-0-0 Bb4 9. Kb1 Nbd7 10. a3 Bxc3 11. Bxc3 Qc7 12. Nf3 0-0-0 13. Rhe1 h6 14. h3 Ne4 15. Bb4 a5 16. Be7 Rde8 17. Bh4 g5 18. Bd3 Ndf6 19. Bg3 Nxg3 20. fxg3 Bxd3 21. Rxd3 Nd5 22. c4 Nb6 23. Ne5 f6 24. Ng4 Rhf8 25. d5 exd5 26. Qxe8+ Rxe8 27. Rxe8+ Kd7 28. Nxf6+ Kd6 29. Ne4+ Kd7 30. Nf6+ Kd6 31. cxd5 cxd5 32. Ne4+ Kd7 33. Nf6+ Kd6 34. Re1 Qf7 35. Ne4+ Kc6 36. Nc3 Qf5 37. Red1 h5 38. Ka1 g4 39. h4 Qe5 40. Ka2 a4 41. R1d2 Qf5 42. Ne2 Kd6 43. Nf4 Qf7 44. Re2 Qc7 45. Re6+ Kd7 46. Rh6 Qc5 47. Rxh5 Qc4+ 48. Kb1 d4 49. Re5 Kc8 50. Re4 Qb5 51. Rexd4 Kb8 52. Rc3 Qf5+ 53. Ka1 Nd7 54. Rxa4 Nc5 55. Rac4 Ne4 56. Rd3 Nc5 57. Rd5 1-0

[Event "DEN-chB"]
[Site "Nyborg"]
[Date "2001.04.14"]
[Round "5"]
[White "Lindestrom, Torsten"]
[Black "Pedersen, Jan Rode"]
[Result "0-1"]
[WhiteElo "2269"]
[BlackElo "2144"]
[PlyCount "90"]
[EventDate "2001.04.10"]
[EventType "swiss"]
[EventRounds "7"]
[EventCountry "DEN"]
[SourceTitle "EXT 2005"]
[Source "ChessBase"]
[SourceDate "2004.11.15"]
[SourceVersion "1"]
[SourceVersionDate "2004.11.15"]
[SourceQuality "1"]

1. d4 Nf6 2. Bg5 Ne4 3. Bf4 c5 4. f3 Nf6 5. d5 d6 6. e4 g6 7. c4 Bg7 8. Nc3 0-0 9. Qd2 Re8 10. g4 Na6 11. Nge2 Nc7 12. Ng3 e5 13. Be3 Nd7 14. h4 Bf6 15. 0-0-0 Nf8 16. Bd3 Bd7 17. Rdg1 a6 18. Nf5 gxf5 19. gxf5+ Kh8 20. Qg2 Ng6 21. fxg6 fxg6 22. h5 gxh5 23. Rxh5 Rg8 24. Qh2 Rxg1+ 25. Qxg1 Qe7 26. Qh2 Rg8 27. Bxc5 Bg5+ 28. Kc2 Ne8 29. Bf2 Nf6 30. Rxg5 Rxg5 31. Bh4 Rg6 32. f4 Qg7 33. Bxf6 Qxf6 34. fxe5 Qxe5 35. Qxe5+ dxe5 36. Be2 Rg5 37. d6 Kg7 38. c5 h5 39. Nd5 Kf7 40. Kd2 Be6 41. c6 bxc6 42. Nb4 c5 43. Nxa6 Rg2 44. Nxc5 Bg4 45. a4 Bxe2 0-1